000 00354nam a22001457a 4500
003 OSt
005 20160727222352.0
008 160622b xxu||||| |||| 00| 0 eng d
040 _cTEST
100 _9418
_aBlyton, G,
245 _aThe Mystery Of Tally - Ho Cottage
260 _aLON
_bArmada
300 _aThe Mystery Of Tally - Ho Cottage
942 _2ddc
_cBK
999 _c341
_d341